000 01001nam a2200265Ia 4500
999 _c55513
_d55513
001 22595
003 GE_BSU
005 20200410135813.0
008 181216s2017||||ge |||||||||||||| ||enk||
020 _a9789941462696
040 _cGE_BSU
041 _aeng
080 _a81'42(075.8) D-96
100 _aDvalidze, Nino
_92478
245 2 _aA COURSE - BOOK IN TEXT LINGUISTICS :
_bტექსტის ლინგვისტიკის სახელმძღვანელო /
_cNino dvalidze; Editor Tamar Siradze.
264 _aBatumi :
_bPublishing House ,,Batumi Shota Rustaveli State University,
_c2017.
300 _a306 p.;
_b20 cm.
500 _aBibliography: p. 303-305
541 _h14gel.30t.
653 _aენათმეცნიერება
653 _aინგლისური ენა
653 _aტექსტის ლინგვისტიკის სახელმძღვანელო
700 _aSiradze, Tamar
_97889
942 _cBK
_2udc